| 000 | 00402nam a22001337a 4500 | ||
|---|---|---|---|
| 020 | _a0-8247-8920-2 | ||
| 082 | _a658.567 PLA | ||
| 100 |
_aNABIL MUSTAFA _976482 |
||
| 245 | _aPLASTICS WASTE MANAGEMENT DISPOSAL,RECYCLING AND REUSE | ||
| 260 |
_aNEWYORK _bMARCEL DEKKER _c1993 |
||
| 300 | _a413P | ||
| 650 |
_aPLASTIC SCRAP-RECYCLING REFUSE AND DISPOSAL PLASTIC INDUSTRY AND TRADE _976483 |
||
| 942 | _cBK | ||
| 999 |
_c581875 _d581875 |
||